Score 0/22 Timer 05:00
0 Plays Today
Description Answer % Correct
Shaggy's Best PalScooby Doo
97.4%
Barney Rubble's best friendFred Flintstone
92.3%
Husband to Jane in the FutureGeorge Jetson
88%
Ranger Smith's nemesisYogi Bear
87.2%
A mouse and cat that got there own show from fightingTom and Jerry
82.9%
This guy's a sailor-man!Popeye
82.1%
This sly cat does whatever he wants, but he still lives in garbage canTop Cat
76.5%
Elder and Leader of the small blue peoplePapa Smurf
75%
This blue dog never shows emotion and never stops singin' Oh My Darlin'Huckleberry Hound
74.6%
Her and the PussycatsJosie James
73.8%
This kids so rich his name is even rich!Richie Rich
70.9%
Description Answer % Correct
This Ant Really Packs A Whollop!Atom Ant
67.7%
This Big Gorilla is Always for saleMagilla Gorilla
65.8%
This Giant Purple Ape can only say his nameGrape Ape
57.9%
This kid is always on a questJonny Quest
55.6%
This horse can quickly change into 'El Kabong'Quick Draw Mcgraw
55.6%
This Secret Agent has a Mole as a Side-KickSecret Squirrel
53%
The idea of this character is based off 'Jaws', but acts like Scooby DooJabberjaw
53%
Hairy Guy Spun Off from Scooby's Laff-a-LympicsCaptain Caveman
45.8%
Quicker than the human-eyeHong Kong Phooey
39.2%
I.R. Baboon's buddyI.M. Weasel
33.8%
Main Hero of the show 'Snorks'AllStar Seaworthy
18.6%
Remove Ads.
Support Sporcle.
Get the best of Sporcle when you Go Orange. This ad-free experience offers more features, more stats, and more fun while also helping to support Sporcle. Thank you for becoming a member.

You're not logged in!

Compare scores with friends on all Sporcle quizzes.
OR
Log In

Show Comments

Extras

Top Quizzes Today


Score Distribution

Your Account Isn't Verified!

In order to create a playlist on Sporcle, you need to verify the email address you used during registration. Go to your Sporcle Settings to finish the process.

Report this User

Report this user for behavior that violates our Community Guidelines.

Details: